Datum a čas kvízu
35.5
Celkem bodů
Celkový počet nahraných bodů na tomto kvízu bez doplňovacích otázek.
2.
Pořadí na kvízu
Konečné umístění týmu na tomto kvízu.
Zaznamenané odpovědi
| # | Otázka | Odpověď | Body | Výsledky |
|---|---|---|---|---|
| 1. | Senát nominoval rekordních 125... | Jan Kubiš, Adolf Opálka | 0.5 | |
| 2. | Policie v Nashvillu v americké... | C) hrál v pornografickém filmu | 0 | |
| 3. | V úterý měla na letní scéně pr... | Miloš Forman | 1 | |
| 4. | Do mobilní aplikace Portál obč... | DROZD | 1 | |
| 5. | Naše talentovaná 24letá reprez... | plavání | 1 | |
| -14. | Jak se nazývá specializované o... | A | 0 | |
| -13. | Jak se jmenuje ovoce na obrázk... | kumquat (nagami nebo počeštěně kumkvat) | 1 | |
| -12. | Nyní nás bude zajímat ovoce zv... | C | 0 | |
| -11. | Vypište z následující řady dva... | jackfruit, rambutan | 0.5 | |
| -10. | Níže jsou názvy tří odrůd jabl... | C | 1 |